Nghiên cứu vi nấm và yếu tố môi trường nước ao nuôi cá tra (Pangasianodon hypophthalmus) (Luận văn tốt nghiệp cao học. Ngành Nuôi trồng thủy sản)

Mục tiêu của nghiên cứu này nhằm xác định thành phần giống loài vi nấm nhiễm trên cá tra (Pangasianodon hypophthalmus) và môi trường nước trên ao nuôi

Đã lưu trong:
Sonraí Bibleagrafaíochta
Príomhúdar: Nguyễn, Ngọc Phương Thư
Formáid: Leabhar
Teanga:Undetermined
Foilsithe: Cần Thơ Trường Đại học Cần Thơ 2014
Ábhair:
Clibeanna: Cuir Clib Leis
Gan Chlibeanna, Bí ar an gcéad duine leis an taifead seo a chlibeáil!
Thư viện lưu trữ: Trung tâm Học liệu Trường Đại học Cần Thơ
LEADER 01117nam a2200217Ia 4500
001 CTU_199026
008 210402s9999 xx 000 0 und d
082 |a 363.7394 
082 |b Th550 
088 |a 606270 
100 |a Nguyễn, Ngọc Phương Thư 
245 0 |a Nghiên cứu vi nấm và yếu tố môi trường nước ao nuôi cá tra (Pangasianodon hypophthalmus) 
245 0 |b (Luận văn tốt nghiệp cao học. Ngành Nuôi trồng thủy sản) 
245 0 |c Nguyễn Ngọc Phương Thư ; Phạm Minh Đức (cán bộ hướng dẫn) 
260 |a Cần Thơ 
260 |b Trường Đại học Cần Thơ 
260 |c 2014 
520 |a Mục tiêu của nghiên cứu này nhằm xác định thành phần giống loài vi nấm nhiễm trên cá tra (Pangasianodon hypophthalmus) và môi trường nước trên ao nuôi 
650 |a Ô nhiễm nguồn nước,Water--Pollution 
904 |i Nguyên (Võ Thị Thanh Lan) 
980 |a Trung tâm Học liệu Trường Đại học Cần Thơ